000 00627nam a2200241Ia 4500
003 OSt
005 20221005122826.0
006 a|||||r|||| 00| 0
007 ta
008 221004b |||||||| |||| 00| 0 mal d
024 _a56767
037 _cTextual
040 _aCRL
_cCRL
_bmal
041 _2mal
_amal
082 _aO32,3N112x, J3
100 _aEzhuthachan Au.
_9624866
245 0 _aKatha bhooshaham
260 _c1953
650 _a MALAYALAM LITERATURE
_938866
650 _aMALAYALAM FICTION
_9183428
942 _hO32,3N112x, J3
_cTEXL
_2cc
999 _c1045504
_d1045504